00456nam a22001217a 450000500170000000800410001704000180005810000200007624501370009626000480023330000290028165000240031020250228084519.0250228b |||||||| |||| 00| 0 eng d aKMUcKMUdKMU aMwansa, Justine aInvestigating Most Traded Fish Species, Size Variation and Consumption Patterns of House Holds in Chinsali District/cJustine Mwansa aChinsali:bKapasa Makasa University,c2020. avii, 22p.:bill;c30 cm. aFisheries and Aquac